| 000 | 00542nam a2200181Ia 4500 | ||
|---|---|---|---|
| 008 | 090123s9999 xx 000 0 und d | ||
| 082 | _b5226 | ||
| 100 | _aशेंडे ना.रा. | ||
| 245 | _aकाजळी रात्र | ||
| 250 | _a1 | ||
| 260 |
_bनारायण मुद्रणालय _c1978 |
||
| 300 | _a159 | ||
| 600 | _aशेंडे ना.रा. | ||
| 630 | _aकाजळी रात्र | ||
| 700 | _aशेंडे ना.रा. | ||
| 730 | _aकाजळी रात्र | ||
| 942 | _cBOOK | ||
| 999 |
_c43301 _d43301 |
||